Inmigración y libertad religiosa: un estudio desde la Ley de Extranjería
Uloženo v:
| Hlavní autor: | |
|---|---|
| Médium: | Kniha |
| Jazyk: | španělština |
| Vydáno: |
Madrid
Civitas
2004
|
| Vydání: | 1a. ed |
| Edice: | Monografías
|
| Témata: | |
| Tagy: |
Přidat tag
Žádné tagy, Buďte první, kdo vytvoří štítek k tomuto záznamu!
|
MARC
| LEADER | 00000nam a2200000 a 4500 | ||
|---|---|---|---|
| 001 | UCK1156 | ||
| 003 | CL-VaPUC | ||
| 008 | 041105e20040000SP |||||||||||||||||spa|d | ||
| 020 | |a 8447022056 | ||
| 082 | 0 | 4 | |a 341.481 |b PER |2 21 |
| 100 | 0 | |a Pérez-Madrid, Francisca |e author |9 489009 | |
| 245 | 1 | 0 | |a Inmigración y libertad religiosa: un estudio desde la Ley de Extranjería |
| 250 | |a 1a. ed | ||
| 300 | |a 201 p | ||
| 942 | |c BK | ||
| 945 | |d 20041105 00:00:00 |a cmena | ||
| 260 | |a Madrid |b Civitas |c 2004 | ||
| 650 | 0 | |a Derecho internacional |9 255637 | |
| 650 | 0 | |a Derechos humanos |9 223025 | |
| 650 | 7 | |a LIBERTAD RELIGIOSA |2 CL-VaPUC |9 489010 | |
| 650 | 0 | |a Inmigración |9 268290 | |
| 583 | |a last modification |c 20041105 00:00:00 |k Rodrigo Vera | ||
| 490 | 0 | |a Monografías | |
| 999 | |c 311244 |d 311242 | ||
| 952 | |0 0 |1 0 |4 0 |6 341_481000000000000_PER_2004 |7 0 |8 A |9 380559 |a BIBDER |b BIBDER |d 2019-11-21 |i 4076494 |o 341.481 PER 2004 |p 4076494 |r 2023-01-25 |w 2019-11-21 |y BK |k DER | ||